Faucalt and Law (Record no. 577622)

MARC details
000 -LEADER
fixed length control field 00619nam a2200217Ia 4500
003 - CONTROL NUMBER IDENTIFIER
control field OSt
005 - DATE AND TIME OF LATEST TRANSACTION
control field 20220925222712.0
008 - FIXED-LENGTH DATA ELEMENTS--GENERAL INFORMATION
fixed length control field 220923b |||||||| |||| 00| 0 eng d
037 ## - SOURCE OF ACQUISITION
Terms of availability General Book
040 ## - CATALOGING SOURCE
Original cataloging agency RTL
Transcribing agency RTL
Language of cataloging eng
041 ## - LANGUAGE CODE
Source of code eng
Language code of text/sound track or separate title eng
100 ## - MAIN ENTRY--PERSONAL NAME
Personal name Hunt A
9 (RLIN) 121901
245 #0 - TITLE STATEMENT
Title Faucalt and Law
Remainder of title towardsa sociology of law as governance
260 ## - PUBLICATION, DISTRIBUTION, ETC.
Place of publication, distribution, etc. London
Name of publisher, distributor, etc. Pluto Press
Date of publication, distribution, etc. 1994
700 ## - ADDED ENTRY--PERSONAL NAME
Personal name Wickham G
9 (RLIN) 288202
942 ## - ADDED ENTRY ELEMENTS (KOHA)
Classification part RxN26:g(z), N4
Koha item type General Books
Source of classification or shelving scheme Colon Classification (CC)
Holdings
Withdrawn status Lost status Damaged status Not for loan Home library Current library Date acquired Total Checkouts Full call number Barcode Date last seen Price effective from Koha item type
        Ratan Tata Library Ratan Tata Library 2022-09-25   RxN26:g(z) N4 RTPC010093 2022-09-25 2022-09-25 General Books
Copyright @ Delhi University Library System